Score 0/24 Timer 04:00
0 Plays Today
Title Missing word % Correct
▼ Movies ▼
100%
▼ Songs ▼
100%
▼ Books ▼
100%
____ of the Caribbean: The Curse of the Black PearlPirates
94.4%
It’s the End of the ____ as We Know It (And I Feel Fine)World
93.9%
The Englishman who Went up a ____ but Came down a MountainHill
92.9%
I'd Do ____ for Love (But I Won't Do That)Anything
92%
Who Is Harry Kellerman and Why Is He ____ Those Terrible Things About Me?Saying
88.6%
The Only Thing That Looks ____ on Me Is YouGood
87.5%
It's a ____ Way to the Top (If You Wanna Rock 'n' Roll)Long
85.3%
Fried Green ____ at the Whistle Stop CafeTomatoes
84.7%
Dr. Strangelove or: How I ____ to Stop Worrying and Love the BombLearned
79%
Title Missing word % Correct
Everything You ____ Wanted to Know About Sex * But Were Afraid to AskAlways
77.4%
Several Species of Small Furry ____ Gathered Together in a Cave and Grooving with a PictAnimals
65.5%
The Assassination of Jesse James by the ____ Robert FordCoward
57%
The Curious Incident of the ____ in the Night-TimeDog
55.8%
The Hundred-Year-Old Man Who Climbed Out the ____ and DisappearedWindow
53.3%
The Man Who Mistook His ____ for a Hat and Other Clinical TalesWife
45%
The Guernsey Literary and ____ Peel Pie SocietyPotato
39.3%
What We Talk About When We Talk About ____Love
38.5%
Borat: Cultural Learnings of _____ for Make Benefit Glorious Nation of KazakhstanAmerica
35.6%
Everybody’s Got Something to Hide Except Me and My ____Monkey
25.1%
If You Tolerate This Then Your ____ Will Be NextChildren
17%
Blood Meridian: Or the ____ Redness in the WestEvening
5.1%

Today's Daily Dose

Remove Ads.
Support Sporcle.
Get the best of Sporcle when you Go Orange. This ad-free experience offers more features, more stats, and more fun while also helping to support Sporcle. Thank you for becoming a member.

You're not logged in!

Compare scores with friends on all Sporcle quizzes.
OR
Log In

Show Comments

Extras

Top Quizzes Today


Score Distribution

Your Account Isn't Verified!

In order to create a playlist on Sporcle, you need to verify the email address you used during registration. Go to your Sporcle Settings to finish the process.

Report this User

Report this user for behavior that violates our Community Guidelines.

Details: